000 00774nam a2200253Ia 4500
003 OSt
005 20220918214150.0
006 a|||||r|||| 00| 0
007 ta
008 220917b |||||||| |||| 00| 0 eng d
024 _a136,078
037 _cTextual
040 _aARTS
_cARTS
_beng
041 _2eng
_aeng
082 _aX9:275.1(Y:4).N6, K8(906)
110 _aUnited Nations Industrial development organisation
_9130025
245 0 _aEvaluation of industrial projects
260 _aNA
_bNA
_c1968
490 _aProject formulation and evalution sereis; 1
650 _aECONOMICS
700 _aUnited Nations Industrial development organisation
_9130026
942 _hX9:275.1(Y:4).N6, K8(906)
_cTEXL
_2CC
999 _c259168
_d259168